01092nam a22002417a 4500999001700000003000900017008004100026020001800067040007100085082001800156100002800174110011600202245011200318260003000430300004000460505014800500650002600648650002900674650002400703942001600727945000900743952009800752 c20467d20467AR-CdUCM190530b ||||| |||| 00| 0 spa d a84-00-03694-8 aMUNICIPALIDAD PROVINCIAL DEL CUSCOcBIBLIOTECA MUNICIPAL DEL CUSCO a985.03 /bM79 aMoreno Cebrian, Alfredo aConsejo Superior de Investigaciones Científicas (España)-Instituto G. Fernández de Oviedo (Madrid)942799 aEl corregidor de indios y la economía peruana del siglo XVIII :b los repartos forzosos de mercancías / aMadrid :bBenzal, c1977. a801 páginas ;bDiagramas,c25 cm. aContenido: Aproximación al estudio del corregidor de indios peruano -- La remuneración de los corregidores -- El reparto de mercancías... aCorregimientos942800 aConsejo de indias942801 aLOS casiques942802 2ddccLIBROS aAndy 002ddc4070aSHbSHcCARTd2019-05-30g50.00o985.03 / M79pSH0000014775r2019-05-30yLIBROS